000 00337nam a2200133 a 4500
008 101022s1970|||| d
245 1 0 _a... alebo budeš za mnou nosiť smútok
044 _axo
_cSK
041 _aslo
100 1 _aCollins, Larry
700 1 _aLapierre, Dominique
020 _c28,50
260 _bEpocha
_aBratislava
_c1970
999 _c12086
_d12086